| 000 | 01501cam a2200349 a 4500 | ||
|---|---|---|---|
| 001 | 15192846 | ||
| 005 | 20080527200611.0 | ||
| 008 | 080225s2008 njua b 001 0 eng | ||
| 010 | _a2008008198 | ||
| 015 |
_aGBA854083 _2bnb |
||
| 016 | 7 |
_a014583656 _2Uk |
|
| 020 | _a9780321461087 (pbk. : alk. paper) | ||
| 020 | _a0321461088 (pbk. : alk. paper) | ||
| 035 | _a(OCoLC)ocn212376006 | ||
| 035 | _a(OCoLC)212376006 | ||
| 040 |
_aDLC _cDLC _dBAKER _dUKM _dC#P _dYDXCP _dDLC |
||
| 050 | 0 | 0 |
_aQA76.758 _b.A397 2008 |
| 082 | 0 | 0 |
_a005.10685 _222 _bAHE |
| 100 | 1 |
_aAhern, Dennis M. _94799 |
|
| 245 | 1 | 0 |
_aCMMI Distilled : _bA Practical Introduction to Integrated Process Improvement / _cDennis M. Ahern, Aaron Clouse, Richard Turner. |
| 250 | _a3rd ed. | ||
| 260 |
_aUpper Saddle River, NJ : _bAddison-Wesley, _cc2008. |
||
| 300 |
_axii, 263 p. : _bill. ; _c24 cm. |
||
| 440 | 4 |
_aThe SEI series in software engineering _94800 |
|
| 504 | _aIncludes bibliographical references (p. 243-247) and index. | ||
| 650 | 0 |
_aCapability maturity model (Computer software) _94801 |
|
| 700 | 1 |
_aClouse, Aaron. _94802 |
|
| 700 | 1 |
_aTurner, Richard, _d1954- _94803 |
|
| 942 |
_2ddc _cBB |
||
| 999 |
_c11547 _d11547 |
||